000
00243nam a2200097Ia 4500
001
709976
005
20250826162740.0
008
250824s9999 xx 000 0 und d
245
0
_a
BU GELEN KÖROĞLUDUR
_c
SAMED BEHRENGİ
260
_b
CAN YAYINLARI
999
_c
709976
_d
709976